[Event "HCL-M889"]
[Site "www.playchess.de"]
[Date "2006.03.02"]
[Round "3"]
[White "Shevarnadse"]
[Black "AJT"]
[WhiteElo "1983"]
[BlackElo "1945"]
[PlyCount "47"]
[Result "1/2-1/2"]

1.d4 Nf6 2.c4 g6 3.Nc3 Bg7 4.e4 d6 5.Nf3 O-O 6.Be2 
e5 7.dxe5 dxe5 8.Qxd8 Rxd8 9.Bg5 Re8 10.Nd5 Nxd5 
11.cxd5 c6 12.d6 f6 13.Be3 Be6 14.O-O Bf8 15.Rfd1 
Rd8 16.Nd2 Rxd6 17.Nc4 Rxd1+ 18.Rxd1 b6 19.a3 Nd7 
20.Nd6 Rd8 21.Nb7 Rb8 22.Nd6 Rd8 23.Nb7 Rb8 24.Nd6 
{(offering draw)}  1/2-1/2

[Event "HCL-C4174"]
[Site "www.playchess.de"]
[Date "2006.03.02"]
[Round "10"]
[White "taffareltaskinovic"]
[Black "IRONMAIDEN"]
[WhiteElo "710"]
[BlackElo "1252"]
[PlyCount "70"]
[Result "0-1"]

1.e4 e5 2.f3 Nc6 3.g3 Bc5 4.b3 Nge7 5.Nh3 d6 6.g4 
O-O 7.c3 a5 8.Qc2 Be6 9.f4 exf4 10.e5 dxe5 11.Ng5 
g6 12.h4 Bxg4 13.Be2 Bxe2 14.h5 Bxh5 15.d3 Nf5 
16.Ba3 Bxa3 17.Nxa3 Ne3 18.Qh2 Qxg5 19.Rg1 Qf5 
20.Qh4 Qxd3 21.Qf2 Qxc3+ 22.Qd2 Qxa1+ 23.Kf2 Ng4+ 
24.Kg2 Qd4 25.Qxd4 exd4 26.Nb5 Ne3+ 27.Kf2 d3 
28.Rd1 Bxd1 29.Nxc7 Rad8 30.b4 axb4 31.Nd5 Rxd5 
32.a3 d2 33.axb4 Bg4 34.b5 d1Q 35.bxc6 
Qf1+ 0-1

[Event "HCL-A2609"]
[Site "www.playchess.de"]
[Date "2006.03.02"]
[Round "9"]
[White "Sobral"]
[Black "bossjos"]
[WhiteElo "1434"]
[BlackElo "1264"]
[PlyCount "31"]
[Result "1/2-1/2"]

1.e4 e5 2.Nf3 Nf6 3.Nxe5 d6 4.Nf3 Nxe4 5.d4 d5 
6.Bd3 Bd6 7.O-O O-O 8.c4 Bg4 9.cxd5 f5 10.Nc3 Nxc3 
11.bxc3 Nd7 12.h3 Bh5 13.Be2 Nf6 14.Ng5 Bxe2 
15.Qxe2 Re8 16.Qf3 {(offering draw)} 
 1/2-1/2

[Event "HCL-C4082"]
[Site "www.playchess.de"]
[Date "2006.03.02"]
[Round "18"]
[White "Mauro_R_Santos"]
[Black "Little_Liberty"]
[WhiteElo "1627"]
[BlackElo "1391"]
[PlyCount "62"]
[Result "0-1"]

1.e4 e5 2.Qf3 Nf6 3.Bc4 Bc5 4.d4 Bxd4 5.Nh3 O-O 
6.Ng5 h6 7.Nh3 d6 8.Qg3 Nxe4 9.Qf3 Bxh3 10.gxh3 
Qh4 11.Be3 Bxe3 12.Qxe3 Nxf2 13.Qxf2 Qxc4 14.Na3 
Qe4+ 15.Qe2 Qxh1+ 16.Kd2 Qxa1 17.h4 Qxb2 18.Nc4 
Qd4+ 19.Kc1 Nc6 20.Ne3 Qxh4 21.Nf5 Qg5+ 22.Ne3 Nd4 
23.Qd3 Qg1+ 24.Kb2 a5 25.a4 b5 26.c3 Qxh2+ 27.Ka3 
b4+ 28.cxb4 axb4+ 29.Kxb4 Rfb8+ 30.Kc4 Qa2+ 31.Kc3 
Rb3+ 0-1

[Event "HCL-E1577"]
[Site "www.playchess.de"]
[Date "2006.03.02"]
[Round "6"]
[White "yannick"]
[Black "takesa"]
[WhiteElo "1558"]
[BlackElo "1595"]
[PlyCount "59"]
[Result "1-0"]

1.b4 {hi good tournament}  Nf6 {hi:)}  2.Bb2 
{hi,good tournament}  d5 3.Nf3 e6 4.a3 g6 5.g4 h6 
6.Bxf6 Qxf6 7.Nc3 a6 8.e4 dxe4 9.Nxe4 Qe7 10.Bc4 
Bg7 11.d4 O-O 12.g5 h5 13.O-O Nc6 14.Qd2 e5 15.d5 
Nd4 16.Nxd4 exd4 17.Rfe1 Qd8 18.Nf6+ Bxf6 19.gxf6 
Qxf6 20.Bb3 Qf3 21.Qxd4 Bh3 22.Qe4 Qf6 23.Qe3 Bg4 
24.Qe7 Qxe7 25.Rxe7 Rac8 26.Rae1 b5 27.Rc1 c6 
28.c3 cxd5 29.Bxd5 Rce8 30.Bxf7+ 1-0

[Event "HCL-C4174"]
[Site "www.playchess.de"]
[Date "2006.03.02"]
[Round "4"]
[White "dg"]
[Black "taffareltaskinovic"]
[WhiteElo "1214"]
[BlackElo "710"]
[PlyCount "86"]
[Result "0-1"]

1.e4 {hi}  e5 {hi,good lucks...}  2.Nf3 d6 3.d4 f6 
4.d5 g6 5.Nc3 h5 6.h4 Bg4 7.Be2 c6 8.Be3 cxd5 
9.exd5 Na6 10.Bxa6 bxa6 11.O-O Nh6 12.Bxh6 Bxh6 
13.Qd3 f5 14.Ne1 Qxh4 15.Qxa6 Bf4 16.Qc6+ Ke7 
17.Qc7+ Kf8 18.Qxd6+ Kg7 19.g3 Bxg3 20.fxg3 Qxg3+ 
21.Ng2 Bh3 22.Rf2 Rhd8 23.Qe7+ Kh6 24.Ne2 Qg4 
25.Qxe5 Rde8 26.Qf4+ g5 27.Qxg4 hxg4 28.c4 f4 
29.Nd4 g3 30.Rf3 Re4 31.Rd3 Rc8 32.Nb5 g4 33.d6 f3 
34.Nh4 f2+ 35.Kh1 g2+ 36.Nxg2 Rexc4 37.Rdd1 R4c2 
38.Rdf1 g3 39.b3 Rh8 40.Ne3 Kg6 41.Rfc1 f1Q+ 
42.Nxf1 Bg2+ 43.Kg1 Rh1+ 0-1

[Event "HCL-T256"]
[Site "www.playchess.de"]
[Date "2006.03.02"]
[Round "4"]
[White "abebebikila"]
[Black "Grabanzito"]
[WhiteElo "1724"]
[BlackElo "1807"]
[PlyCount "36"]
[Result "0-1"]

1.e4 e5 2.f4 exf4 3.Nf3 g5 4.Bc4 Bg7 5.d4 h6 6.O-O 
d6 7.c3 Nd7 8.g3 Nb6 9.Bb3 Bh3 10.Re1 Qd7 11.e5 
O-O-O 12.a4 fxg3 13.e6 gxh2+ 14.Kxh2 Bxe6 15.a5 
Nd5 16.Ba4 Qe7 17.c4 g4 18.cxd5 
gxf3 0-1

[Event "HCL-C4129"]
[Site "www.playchess.de"]
[Date "2006.03.02"]
[Round "5"]
[White "gobber"]
[Black "Henri"]
[WhiteElo "755"]
[BlackElo "790"]
[PlyCount "82"]
[Result "0-1"]

1.e4 {Hello, and good luck!!!}  e5 {Bonjour et 
Bonne partie}  2.Nf3 {bonne partie sounds familiar 
please translate for me. :)}  Nc6 3.d3 d6 4.Be3 
Be6 5.h3 Qd7 6.Be2 O-O-O 7.g4 f6 8.Nc3 a6 9.b3 h6 
10.O-O g5 11.d4 exd4 12.Nxd4 Nxd4 13.Bxd4 Bg7 
14.Bf3 Ne7 15.Ne2 Nc6 16.Bc3 d5 17.Qd3 Bf8 18.e5 
Nxe5 19.Bxe5 fxe5 20.Bh1 e4 21.Qd4 Bg7 22.Qa7 c6 
23.Rad1 Be5 24.f3 e3 25.c3 b5 26.Qxa6+ Qb7 27.Qa3 
h5 28.Qc1 Qb6 29.Qa3 Bd6 30.b4 hxg4 31.fxg4 Rxh3 
32.Bg2 Rh4 33.Rf6 Bxg4 34.Bf3 Bh2+ 35.Kg2 Bxf3+ 
36.Rxf3 g4 37.Rf6 Bd6 38.Nd4 Rh2+ 39.Kg1 g3 40.Re1 
Re8 41.Nf5 e2+ 0-1

[Event "HCL-C3982"]
[Site "www.playchess.de"]
[Date "2006.03.02"]
[Round "3"]
[White "CallDutte"]
[Black "Milosforman"]
[WhiteElo "1200"]
[BlackElo "1027"]
[PlyCount "113"]
[Result "1-0"]

1.e4 c5 2.Bc4 e6 3.Nf3 d6 4.O-O Bd7 5.d3 Be7 6.h3 
b5 7.Bb3 a5 8.a4 b4 9.Nbd2 Nf6 10.Re1 O-O 11.e5 
dxe5 12.Nxe5 Bd6 13.Ndc4 Bxe5 14.Nxe5 Nc6 15.Nxc6 
Bxc6 16.Bg5 h6 17.Bxf6 Qxf6 18.Qg4 Qxb2 19.Qc4 Bd5 
20.Rab1 Bxc4 21.Rxb2 Bxb3 22.cxb3 Rad8 23.Rd1 f5 
24.Re2 Kf7 25.Red2 e5 26.Kf1 e4 27.dxe4 Rxd2 
28.Rxd2 Kg6 29.Rd5 fxe4 30.Rxc5 e3 31.f3 Re8 
32.Rc2 Kg5 33.g3 h5 34.Rc5+ Kh6 35.Rxa5 e2+ 36.Ke1 
g5 37.Rb5 Re3 38.Rxb4 Rxf3 39.Kxe2 Rxg3 40.a5 Rxh3 
41.a6 Rh2+ 42.Kf1 Ra2 43.Rb6+ Kg7 44.Rb7+ Kf6 
45.a7 h4 46.b4 h3 47.Kg1 g4 48.Rh7 Kg6 49.Rb7 g3 
50.Rb8 Rxa7 51.Rg8+ Rg7 52.Rxg7+ Kxg7 53.b5 h2+ 
54.Kg2 h1N 55.Kxh1 g2+ 56.Kxg2 Kf7 57.b6 {Não dá 
tempo meu amigo... você vai perder!} 
 1-0

[Event "HCL-C4047"]
[Site "www.playchess.de"]
[Date "2006.03.02"]
[Round "7"]
[White "Milosforman"]
[Black "xmen"]
[WhiteElo "861"]
[BlackElo "1378"]
[PlyCount "108"]
[Result "0-1"]

1.d4 Nf6 2.c4 g6 3.Nc3 Bg7 4.Bg5 O-O 5.e4 d6 6.Nf3 
Ne8 7.e5 f6 8.exf6 exf6 9.Bh4 c6 10.Be2 Nc7 11.O-O 
Re8 12.d5 cxd5 13.Nxd5 Nxd5 14.cxd5 Qb6 15.b3 g5 
16.Bg3 h6 17.a4 f5 18.a5 Qd8 19.Nd4 f4 20.Bh5 fxg3 
21.fxg3 Rf8 22.Rxf8+ Qxf8 23.Qd3 Qf6 24.Rf1 Qxd4+ 
25.Qxd4 Bxd4+ 26.Kh1 Nd7 27.h4 Ne5 28.Rf6 Bc5 
29.hxg5 Kg7 30.Rxh6 Bg4 31.Kh2 Bxh5 32.Rxh5 Rh8 
33.Rxh8 Kxh8 34.Kh3 Kg7 35.g4 Kg6 36.Kh4 Bf2+ 
37.g3 Nf3+ 38.Kh3 Nxg5+ 39.Kg2 Be1 40.a6 b6 41.Kf1 
Bxg3 42.Kg2 Be1 43.Kf1 Bb4 44.Ke2 Ne4 45.Ke3 Nc5 
46.Kd4 Nxa6 47.Kc4 Bc5 48.Kb5 Nb4 49.Kc4 Kg5 
50.Kb5 Nxd5 51.Ka6 Kxg4 52.Kxa7 Nb4 53.Kb7 d5 
54.Kc7 d4 0-1

[Event "HCL-C4120"]
[Site "www.playchess.de"]
[Date "2006.03.02"]
[Round "9"]
[White "nichju"]
[Black "n4337m"]
[WhiteElo "1072"]
[BlackElo "1464"]
[PlyCount "56"]
[Result "0-1"]

1.e4 {Hello and good luck}  e5 {And to you as 
well!}  2.Nf3 Nc6 3.Bc4 Nf6 4.c3 Nxe4 5.O-O d5 
6.Bb5 Bd6 7.Bxc6+ bxc6 8.d3 Nf6 9.Bg5 Bg4 10.Nbd2 
O-O 11.h3 Bh5 12.g4 Bg6 13.d4 exd4 14.Nxd4 c5 
15.Nc6 Qd7 16.Na5 Ne4 17.Nxe4 Bxe4 18.f3 Bg6 19.h4 
h6 20.Bd2 Rab8 21.Nb3 c4 22.Nd4 c5 23.Ne2 Bd3 
24.Re1 Rxb2 25.Nf4 d4 26.Nd5 h5 27.g5 Qh3 28.Bf4 
Rg2+ 0-1

[Event "HCL-C4120"]
[Site "www.playchess.de"]
[Date "2006.03.02"]
[Round "18"]
[White "Skipper_Robert"]
[Black "n4337m"]
[WhiteElo "991"]
[BlackElo "1464"]
[PlyCount "62"]
[Result "0-1"]

1.e4 e5 {Good luck}  2.Nf3 Nc6 3.d3 {for you too}  
Be7 4.Be3 Nf6 5.Nc3 O-O 6.Qd2 d5 7.O-O-O d4 8.Bxd4 
exd4 9.Ne2 Bg4 10.c3 dxc3 11.Nxc3 Nd4 12.h3 Nxf3 
13.gxf3 Bxf3 14.Rg1 Bxd1 15.Kxd1 Kh8 16.Qg5 Ne8 
17.Qg4 Bf6 18.e5 Bxe5 19.f4 Bxc3 20.bxc3 f5 21.Qg3 
Rf6 22.d4 Rg6 23.Qe3 Rxg1 24.Qxg1 c5 25.Bd3 cxd4 
26.cxd4 Rc8 27.Qe1 Qxd4 28.Qd2 Rd8 29.Ke2 Nf6 
30.Qc2 Ne4 31.Qc7 Qxd3+ 0-1

[Event "ACL-E210"]
[Site "www.playchess.de"]
[Date "2006.03.02"]
[Round "10"]
[White "ETC_Chess"]
[Black "wolter"]
[WhiteElo "1903"]
[BlackElo "2026"]
[PlyCount "116"]
[Result "1/2-1/2"]

1.c4 {Hello again and good luck!}  e5 {Again, I 
wish you good luck and send you greetings!}  2.g3 
d6 3.Bg2 f5 4.Nc3 Nf6 5.d4 Be7 6.dxe5 dxe5 7.Qxd8+ 
Bxd8 8.Bg5 O-O 9.O-O-O c6 10.Nf3 Bc7 11.Be3 e4 
12.Nd2 Ng4 13.Bd4 Be5 14.Bxe5 Nxe5 15.h3 Be6 16.b3 
Nbd7 17.f3 exf3 18.Nxf3 Rae8 19.Nd4 Nc5 20.b4 Ncd7 
21.c5 Bc4 22.a3 a5 23.Nf3 Nf6 24.Rd4 Nd5 25.Nxd5 
Bxd5 26.Rxd5 cxd5 27.Nd4 Re7 28.Bxd5+ Kh8 29.Rd1 
axb4 30.axb4 g6 31.Kb2 Rd8 32.Bh1 Red7 33.Kc3 Ra8 
34.Kb3 {Merry Christmas and Happy New Year!}  Kg8 
35.e3 Kf7 36.Bg2 Kf6 37.Rc1 Re7 38.Rd1 Nf7 39.Nc2 
Rc8 40.Kc4 h5 41.Kb5 Ra8 42.Kc4 Ne5+ 43.Kb3 Kg5 
44.Rd4 {(offering draw) I offer adraw in this 
game.}  Rc8 {I want to play a few more moves, to 
see if there is something more in it for me.}  
45.h4+ Kh6 46.e4 {O.K.!
}  Nc6 47.Rc4 fxe4 48.Rxe4 Rd7 49.g4 hxg4 50.Rxg4 
Rd3+ 51.Kb2 Rcd8 52.Be4 Ne5 53.Rg1 R3d7 54.Kc3 Rf8 
55.Rg5 Re7 56.Ne3 Rf4 57.Nd5 Rxe4 58.Nxe7 Nf7 
{(offering draw)}  1/2-1/2

[Event "HCL-C4130"]
[Site "www.playchess.de"]
[Date "2006.03.02"]
[Round "7"]
[White "newplayer"]
[Black "ronan48"]
[WhiteElo "1088"]
[BlackElo "876"]
[PlyCount "61"]
[Result "1-0"]

1.e4 e5 2.d4 d6 3.dxe5 Nc6 4.Bb5 Bd7 5.Bxc6 Bxc6 
6.exd6 cxd6 7.f3 Nf6 8.Bg5 Be7 9.Bxf6 Bxf6 10.c3 
O-O 11.Nh3 Qe7 12.O-O a5 13.Nf4 a4 14.b3 Be5 15.g3 
Qg5 16.Ng2 b5 17.f4 Bxf4 18.Rxf4 d5 19.exd5 Bd7 
20.Na3 Qe5 21.c4 b4 22.Qe1 Qxe1+ 23.Rxe1 bxa3 
24.b4 Rab8 25.b5 Rfc8 26.Re7 Bxb5 27.cxb5 Rxb5 
28.d6 Rd8 29.d7 Rb1+ 30.Rf1 Rb2 
31.Re8+ 1-0

[Event "HCL-B3757"]
[Site "www.playchess.de"]
[Date "2006.03.02"]
[Round "4"]
[White "GMO"]
[Black "Concrete_Pluto"]
[WhiteElo "1309"]
[BlackElo "1107"]
[PlyCount "105"]
[Result "1-0"]

1.e4 e6 2.Bc4 a6 3.Nf3 Nc6 {Who changed the chess 
pieces?}  4.O-O {Yes.}  g5 5.d3 g4 6.Ne1 h5 7.Nc3 
b5 8.Bb3 Nd4 9.Bf4 c6 10.Be5 Nxb3 11.axb3 f6 
12.Bf4 e5 13.Be3 Bb4 14.Na2 Be7 15.Bd2 d5 16.g3 f5 
17.exf5 Bxf5 18.Bb4 c5 19.Bd2 h4 20.b4 hxg3 
21.fxg3 Qd7 22.bxc5 Bxc5+ 23.Kh1 Qh7 24.Qe2 Ne7 
25.Bb4 Be3 26.Bd6 Nc6 27.Nc3 Nd4 28.Qg2 Nf3 
29.Nxf3 gxf3 30.Rxf3 Bd4 31.Raf1 Qd7 32.R3xf5 Qxd6 
33.Nxd5 Kd7 34.c3 Bc5 35.b4 Ba7 36.R5f6 Rxh2+ 
37.Qxh2 Qxd5+ 38.R6f3 Re8 39.Qh3+ Kd6 40.Qh5 Re7 
41.Qh6+ Re6 42.Qf8+ Re7 43.Qd8+ Rd7 44.Qf6+ Kc7 
45.Qxa6 Rh7+ 46.Kg2 Kb8 47.c4 bxc4 48.Qxc4 Qb7 
49.Qe4 Qc7 50.R3f8+ {Tchal...}  Qc8 {:(}  51.Rxc8+ 
Kxc8 52.Qxh7 e4 53.Rf8+ 1-0

[Event "HCL-B3880"]
[Site "www.playchess.de"]
[Date "2006.03.02"]
[Round "10"]
[White "Ultimate"]
[Black "kuda_hitam"]
[WhiteElo "1375"]
[BlackElo "1500"]
[PlyCount "27"]
[Result "1-0"]

1.e4 e5 2.Nc3 Nf6 3.f4 d6 4.Nf3 Nc6 5.Bc4 Bg4 
6.O-O Nd4 7.fxe5 dxe5 8.Bxf7+ Kxf7 9.Nxe5+ Kg8 
10.Nxg4 Nxg4 11.Qxg4 Bc5 12.b4 Bxb4 13.Nd5 Bc5 
14.Nf6+ 1-0

[Event "HCL-E1519"]
[Site "www.playchess.de"]
[Date "2006.03.03"]
[Round "16"]
[White "Eishockeytorwart"]
[Black "Glomp"]
[WhiteElo "1944"]
[BlackElo "1605"]
[PlyCount "59"]
[Result "1-0"]

1.e4 {willkommmen aus Mönchengladbach}  c5 {Hallo 
aus Burgwedel bei Hannover!}  2.Nf3 e6 3.Nc3 a6 
4.Be2 b5 5.O-O Bb7 6.d3 Nc6 7.Bf4 {wünsche ein 
schönes Weihnachtsfest}  d6 {Ich dir auch - nauch 
wenn's jetzt schon fast vorbei ist}  8.Qd2 Nge7 
9.Bg5 Qc7 10.a4 b4 11.Nd1 Ng6 12.c3 Be7 13.Bxe7 
Qxe7 14.Ne3 O-O 15.Rfc1 a5 16.d4 cxd4 17.cxd4 Rfc8 
18.Nc4 Qd8 19.d5 Nce5 20.dxe6 fxe6 21.Nxd6 Rxc1+ 
22.Rxc1 Nxf3+ 23.Bxf3 Qe7 24.Nxb7 Qxb7 25.e5 Qa7 
26.Bxa8 Qxa8 27.Qd7 Nf8 28.Rc8 Qd5 29.Qxd5 exd5 
30.e6 1-0

[Event "HCL-A2610"]
[Site "www.playchess.de"]
[Date "2006.03.03"]
[Round "3"]
[White "KingGeorge"]
[Black "lunchpail"]
[WhiteElo "1586"]
[BlackElo "1433"]
[PlyCount "35"]
[Result "1-0"]

1.e4 e5 2.f4 exf4 3.Nf3 d6 4.d4 g5 5.Bc4 Be6 
6.Bxe6 fxe6 7.h4 g4 8.Ng5 Qf6 9.Qxg4 Ke7 10.Bxf4 
Nh6 11.Qg3 Qxd4 12.Nc3 Rg8 13.Rd1 Qb6 14.Qh3 Rg6 
15.Nxe6 Qxb2 16.Nd5+ Kf7 17.O-O Kg8 
18.Nxf8 1-0

[Event "HCL-C4142"]
[Site "www.playchess.de"]
[Date "2006.03.03"]
[Round "1"]
[White "Skipper_Robert"]
[Black "Kelthek"]
[WhiteElo "983"]
[BlackElo "712"]
[PlyCount "89"]
[Result "1-0"]

1.d3 e5 {Hello and good luck!}  2.e4 {good luck 
for you too}  Nf6 3.Be3 Bb4+ 4.c3 Ba5 5.b4 Bb6 
6.Bxb6 axb6 7.Nf3 Nc6 8.Qb3 d5 9.Nbd2 O-O 10.h3 b5 
11.Be2 d4 12.c4 bxc4 13.Nxc4 b5 14.Ncxe5 Nxe5 
15.Nxe5 Qe7 16.Nc6 Qe8 17.Rc1 Bb7 18.Nxd4 Qd7 
19.Nf5 g6 20.Nh4 Nh5 21.Bxh5 Rae8 22.Bg4 Qe7 
23.Nf3 Qf6 24.O-O Bc8 25.Rxc7 Be6 26.Bxe6 fxe6 
27.e5 Qf5 28.d4 Rf7 29.Rfc1 Rfe7 30.Qe3 Qf7 
31.R7c5 Rb7 32.Qh6 Rf8 33.R5c2 Qg7 34.Qxg7+ Kxg7 
35.Ng5 h6 36.Nxe6+ Kf7 37.Nxf8 Kxf8 38.R2c8+ Ke7 
39.R1c7+ Rxc7 40.Rxc7+ Ke6 41.f4 g5 42.fxg5 hxg5 
43.g4 Kd5 44.Rc5+ Kxd4 45.e6 1-0

[Event "HCL-B3853"]
[Site "www.playchess.de"]
[Date "2006.03.03"]
[Round "18"]
[White "Kannsnich"]
[Black "JRockne"]
[WhiteElo "1347"]
[BlackElo "1097"]
[PlyCount "23"]
[Result "1-0"]

1.c4 e5 2.Nc3 Nc6 3.Nf3 f6 4.g3 Bb4 5.Bg2 a6 6.O-O 
Qe7 7.Nd5 Qe6 8.Nxc7+ Kf7 9.Nxe6 Kxe6 10.d4 Nxd4 
11.Nxd4+ Kf7 12.Bd5+ 1-0

[Event "HCL-B3759"]
[Site "www.playchess.de"]
[Date "2006.03.03"]
[Round "15"]
[White "bossjos"]
[Black "JRockne"]
[WhiteElo "1262"]
[BlackElo "1067"]
[PlyCount "85"]
[Result "1-0"]

1.e4 e5 2.Nf3 Nc6 3.Bc4 h6 4.Nc3 Nf6 5.d4 exd4 
6.Nxd4 Nxd4 7.Be3 Ne6 8.O-O Bb4 9.Nd5 Nxd5 10.exd5 
Ng5 11.Qd4 Rg8 12.c3 Ba5 13.Rfe1 Kf8 14.Qc5+ d6 
15.Qxa5 b6 16.Qa4 Bd7 17.Qc2 a6 18.f4 Nf3+ 19.gxf3 
f5 20.Re2 Qh4 21.Rg2 a5 22.Qf2 Qf6 23.Bd4 Qe7 
24.Re1 Qf7 25.Re3 Re8 26.Rxe8+ Qxe8 27.Qg3 Qf7 
28.b3 b5 29.Bd3 g6 30.Qh4 h5 31.Qd8+ Qe8 32.Qxe8+ 
Bxe8 33.Re2 Kf7 34.c4 bxc4 35.Bxc4 Rf8 36.Bc3 Kg8 
37.Re7 c6 38.Rg7+ Kh8 39.Rd7+ Kg8 40.dxc6+ Bf7 
41.Bxf7+ Rxf7 42.Rxf7 Kxf7 43.c7 1-0

[Event "HCL-E1543"]
[Site "www.playchess.de"]
[Date "2006.03.03"]
[Round "1"]
[White "alldrix"]
[Black "One_i"]
[WhiteElo "1586"]
[BlackElo "1701"]
[PlyCount "52"]
[Result "0-1"]

1.e4 {hi!}  d5 {Hi, have a good game.}  2.exd5 Nf6 
3.Nc3 Nxd5 4.Nf3 Nxc3 5.bxc3 Bf5 6.Bc4 Nc6 7.O-O 
e6 8.Re1 Be7 9.d4 O-O 10.Rb1 Na5 11.Bd3 Bxd3 
12.Qxd3 Bf6 13.Ne5 Qd6 14.Qb5 Bxe5 15.Qxe5 Qxe5 
16.Rxe5 b6 17.Bf4 Nc4 18.Re2 Rac8 19.Rb4 Na5 
20.Re3 c5 21.dxc5 Rxc5 22.Bd6 Rd5 23.Rd3 Rxd3 
24.cxd3 Rd8 25.Rd4 Nc6 26.Bg3 Nxd4 0-1

[Event "HCL-C4152"]
[Site "www.playchess.de"]
[Date "2006.03.03"]
[Round "4"]
[White "Kelthek"]
[Black "gronico"]
[WhiteElo "712"]
[BlackElo "1199"]
[PlyCount "78"]
[Result "0-1"]

1.e4 g6 2.e5 Bg7 3.d4 d6 4.Bb5+ c6 5.Bc4 dxe5 6.d5 
Nf6 7.Nc3 O-O 8.Nf3 Bg4 9.O-O e4 10.Nxe4 Nxe4 
11.Qd3 Bxf3 12.Qxf3 cxd5 13.Bb3 e6 14.c4 dxc4 
15.Bxc4 Nd6 16.Qd3 Nxc4 17.Qxc4 Nc6 18.Qc5 Rc8 
19.Bg5 Qd4 20.Qc1 Nb4 21.Qd1 Qxd1 22.Rfxd1 Bxb2 
23.Rab1 Rc2 24.Be7 Ba3 25.Rba1 Re8 26.Bd6 Rxa2 
27.Rab1 Rb2 28.Rba1 Nc2 29.Rac1 Bxd6 30.Rxd6 Nb4 
31.g3 Nc6 32.Rd7 a5 33.Rc4 Ne5 34.Rcc7 Nxd7 
35.Rxd7 b5 36.f4 Rc8 37.Rd1 Rcc2 38.Rf1 Rcxh2 
39.g4 Rbg2+ 0-1

[Event "HCL-B3746"]
[Site "www.playchess.de"]
[Date "2006.03.03"]
[Round "5"]
[White "SHOOTER"]
[Black "dplcobra"]
[WhiteElo "1280"]
[BlackElo "969"]
[PlyCount "63"]
[Result "1-0"]

1.e4 {Good luck!}  b6 {hi, you too.}  2.d4 Bb7 
3.Nc3 e6 4.e5 f6 5.Nf3 fxe5 6.dxe5 d6 7.Bg5 Be7 
8.h4 h6 9.Bxe7 Qxe7 10.exd6 cxd6 11.Bb5+ Bc6 
12.O-O Bxb5 13.Nxb5 {Merry Christmas!}  d5 14.Ne5 
Nd7 15.Ng6 Qc5 16.Nxh8 Qxb5 17.b3 Ngf6 18.Ng6 Nf8 
19.a4 Qb4 20.Ne5 Qc3 21.Qe2 N8d7 22.Ng6 Ne4 23.Nf4 
Nd2 24.Qh5+ Ke7 25.Rfe1 Rf8 26.Nxd5+ Kd6 27.Nxc3 
Nf6 28.Nb5+ Ke7 29.Qe5 Ng4 30.Qxe6+ Kd8 31.Qe7+ 
Kc8 32.Qc7+ 1-0

[Event "HCL-E1583"]
[Site "www.playchess.de"]
[Date "2006.03.03"]
[Round "9"]
[White "gridguy"]
[Black "alldrix"]
[WhiteElo "1659"]
[BlackElo "1632"]
[PlyCount "78"]
[Result "0-1"]

1.d4 {Hello from Seattle ... good luck!}  e6 {hi 
from Aracaju :D}  2.c4 f5 3.Nc3 Nf6 4.Bg5 Be7 5.e3 
O-O 6.Nf3 c6 7.c5 h6 8.Bh4 d5 9.Ne5 Kh7 10.h3 Nbd7 
11.g4 Ne4 12.Bxe7 Qxe7 13.Nxe4 fxe4 14.Nxd7 Bxd7 
15.h4 Qf6 16.Rh2 e5 17.g5 Qe7 18.Bh3 exd4 19.Bxd7 
Qxd7 20.Qxd4 h5 21.O-O-O g6 22.b4 {(offering 
draw)}  Rf3 23.Rg1 Qc7 24.Rgg2 b6 25.a4 Rb8 26.Kb2 
bxc5 27.Qxc5 Rf7 28.Rh3 Qb6 29.Kc3 Rfb7 30.Qxb6 
R7xb6 31.b5 cxb5 32.axb5 R6xb5 33.Kd4 a5 34.f3 
exf3 35.Rxf3 R8b7 36.Rf6 Re7 37.Rgf2 Kg7 38.R6f8 
Re4+ 39.Kc3 Rc4+ 0-1

[Event "HCL-A2530"]
[Site "www.playchess.de"]
[Date "2006.03.03"]
[Round "9"]
[White "Khalif"]
[Black "StefanF"]
[WhiteElo "1345"]
[BlackElo "1700"]
[PlyCount "38"]
[Result "0-1"]

1.d4 f5 2.e4 fxe4 3.Nc3 Nf6 4.Bg5 Nc6 5.f3 d5 
6.fxe4 dxe4 7.d5 Ne5 8.Bb5+ Bd7 9.Bxf6 exf6 
10.Nge2 c6 11.Ba4 Qb6 12.Bb3 O-O-O 13.Qd4 Qxd4 
14.Nxd4 cxd5 15.Nxd5 Bc5 16.O-O-O Nc6 17.Nxc6 Bxc6 
18.Rhe1 f5 19.Nf4 Rxd1+ 0-1

[Event "HCL-E1583"]
[Site "www.playchess.de"]
[Date "2006.03.03"]
[Round "10"]
[White "XANDERKIRV"]
[Black "gridguy"]
[WhiteElo "1486"]
[BlackElo "1659"]
[PlyCount "51"]
[Result "1-0"]

1.e4 c5 {Hello from Seattle ... good luck!}  2.Nf3 
{Hello and good luck.}  d6 3.d4 cxd4 4.Nxd4 Nf6 
5.Nc3 a6 6.f3 e5 7.Nb3 Be6 8.Be3 Nbd7 9.Qd2 b5 
10.a3 Nb6 11.O-O-O Nc4 12.Qf2 d5 13.exd5 Bf5 
14.Bxc4 bxc4 15.Na1 Bd6 16.g4 Bg6 17.h4 h6 18.g5 
Nh5 19.gxh6 gxh6 20.Ne4 Bc7 21.d6 Ba5 22.c3 Nf4 
23.Bxf4 Bxe4 {This has ceased being a fun game. 
You are turning the screws with each move. Perhaps 
if I hadn't given you so many screws to turn... 
sigh.}  24.fxe4 exf4 25.Qxf4 Qd7 
26.Qe5+ 1-0

[Event "HCL-E1546"]
[Site "www.playchess.de"]
[Date "2006.03.03"]
[Round "12"]
[White "PLAYCHESS1963"]
[Black "Eishockeytorwart"]
[WhiteElo "1707"]
[BlackElo "1949"]
[PlyCount "52"]
[Result "0-1"]

1.e4 e5 2.Nf3 Nc6 3.d4 exd4 4.Nxd4 Nf6 5.Nxc6 bxc6 
6.Bd3 Bc5 7.O-O d6 8.Bg5 h6 9.Bh4 Rb8 10.Re1 O-O 
11.Nd2 g5 12.Bg3 Bg4 13.Nf3 Nh5 14.Bc4 Nxg3 
15.hxg3 Rxb2 16.Bb3 Qf6 17.Qd3 Rb8 18.Ref1 
{(offering draw)}  Kg7 {i think i have a better 
position}  19.Rae1 Rd8 20.Red1 Re8 21.Rde1 
{(offering draw)}  Bb6 22.Nd2 Be6 23.Nc4 Bxc4 
24.Qxc4 d5 25.e5 Qxf2+ 26.Rxf2 
dxc4 0-1

[Event "HCL-A2530"]
[Site "www.playchess.de"]
[Date "2006.03.03"]
[Round "3"]
[White "Alves"]
[Black "StefanF"]
[WhiteElo "1539"]
[BlackElo "1700"]
[PlyCount "60"]
[Result "0-1"]

1.e4 Nf6 2.Nc3 e5 3.Nf3 Nc6 4.d4 exd4 5.Nxd4 Bc5 
6.Nxc6 bxc6 7.Bg5 d6 8.e5 Qe7 9.Ne4 Nxe4 10.Bxe7 
Bxf2+ 11.Ke2 Bg4+ 12.Kd3 Nc5+ 13.Kc3 Bxd1 14.Rxd1 
Kxe7 15.exd6+ cxd6 16.Be2 Rhe8 17.Bd3 Nxd3 18.Rxd3 
Bb6 19.Re1+ Kd7 20.Rf1 Re7 21.Rdf3 Rae8 22.R3xf7 
Rxf7 23.Rxf7+ Re7 24.Rf3 Re3+ 25.Kd2 Rxf3 26.gxf3 
Ke6 27.Kd3 Ke5 28.h4 Kf4 29.Ke2 g6 30.c4 
Kg3 0-1

[Event "HCL-C3998"]
[Site "www.playchess.de"]
[Date "2006.03.03"]
[Round "6"]
[White "sarx"]
[Black "Prince060783"]
[WhiteElo "1209"]
[BlackElo "800"]
[PlyCount "79"]
[Result "1-0"]

1.e4 Nf6 2.Nc3 e5 3.Nf3 Bb4 4.Nxe5 O-O 5.d3 Bxc3+ 
6.bxc3 d6 7.Nf3 Nc6 8.Be2 Bg4 9.h3 Bxf3 10.Bxf3 
Re8 11.Bg5 h6 12.Bh4 g5 13.Bg3 h5 14.Qd2 Nh7 
15.Bxh5 Qf6 16.O-O b6 17.f4 Qh6 18.Be2 f6 19.fxg5 
fxg5 20.Rf5 Ref8 21.Raf1 Ne7 22.Rb5 c6 23.Rbb1 d5 
24.Rxf8+ Qxf8 25.Bd6 Re8 26.e5 Qf4 27.Qd1 Nc8 
28.Rb4 Qe3+ 29.Kh1 c5 30.Rg4 a5 31.Bf3 c4 32.dxc4 
dxc4 33.Qd5+ Kg7 34.Qb7+ Kh6 35.h4 Nxd6 36.exd6 
Rd8 37.hxg5+ Nxg5 38.Rh4+ Kg6 39.Rg4 Rxd6 
40.Qe4+ 1-0

[Event "HCL-A2515"]
[Site "www.playchess.de"]
[Date "2006.03.03"]
[Round "3"]
[White "Eishockeytorwart"]
[Black "agmac"]
[WhiteElo "1912"]
[BlackElo "1620"]
[PlyCount "121"]
[Result "1-0"]

1.e4 {welcome and good luck from germany}  e5 
2.Nf3 f5 {Hi from England,good luck :)}  3.Nxe5 
Qf6 4.Nc4 fxe4 5.Nc3 Qf7 6.Ne3 Nf6 7.Bc4 Qg6 8.d3 
Bb4 9.Bd2 c6 10.dxe4 Bxc3 11.Bxc3 Nxe4 12.Qd4 Nxc3 
13.Qe5+ Kd8 14.Qxc3 Qf6 15.Qxf6+ gxf6 16.O-O-O d5 
17.Rhe1 Nd7 18.Be2 b5 19.Rd4 a5 20.Rf4 a4 21.Bd3 
h5 22.a3 Kc7 23.Be2 Bb7 24.Rh4 Rag8 25.g3 Bc8 
26.Ng2 Ne5 27.Rxh5 Rxh5 28.Bxh5 Rh8 29.Nf4 Bh3 
30.Be2 {merry Christmas}  Kd6 31.Nxh3 Rxh3 32.Rh1 
f5 33.Bf1 Rh6 34.h4 f4 35.h5 f3 36.Rh4 Ke6 37.Bd3 
Kf6 38.Rf4+ Kg7 39.Rf5 Re6 40.Kd2 d4 41.b4 Kh6 
42.c3 dxc3+ 43.Kxc3 Nxd3 44.Kxd3 Re2 45.Rxf3 Ra2 
46.Ke4 Kxh5 47.Kf4 Rd2 48.g4+ Kg6 49.Kg3 Rc2 
50.Rd3 Rc4 51.f4 c5 52.bxc5 Rxc5 53.Kh4 Rc1 
54.Rd6+ Kg7 55.Rb6 Rc5 56.g5 Rc4 57.Kg4 Rc3 58.f5 
Rc4+ 59.Kh5 b4 60.f6+ Kg8 61.Kg6 1-0

[Event "HCL-B3855"]
[Site "www.playchess.de"]
[Date "2006.03.03"]
[Round "1"]
[White "sonnygarcia"]
[Black "Berniemac"]
[WhiteElo "1021"]
[BlackElo "668"]
[PlyCount "21"]
[Result "1-0"]

1.e4 g6 2.d4 e6 3.Nf3 Bb4+ {it nseems kind of werd 
that I'm  play you in two running games.}  4.c3 
{It has happened to me before with other players.} 
 Be7 5.Be2 Nf6 6.e5 Nd5 7.O-O h5 8.Nbd2 O-O 9.c4 
Nb6 10.Re1 d5 11.b3 1-0